| 000 | nam a22 a 4500 | ||
|---|---|---|---|
| 999 |
_c4385 _d4385 |
||
| 005 | 20170529150713.0 | ||
| 008 | 170529b -us||||| |||| 00| 0 eng d | ||
| 040 | _aAKMAL | ||
| 082 | _a613.83 DRU | ||
| 090 |
_a613.83 _bDRU |
||
| 245 | 1 | 0 |
_aDrug Enforcement Administration : _bfact sheets / |
| 260 |
_a[Washington, D.C.] : _b[U.S. Department of Justice, Drug Enforcement Administration, Office of Planning & Evaluation], _c[?] |
||
| 300 |
_a67 pages : _bcol. ill.; _c27 cm |
||
| 610 | 1 | 4 |
_aUnited States. _bDrug Enforcement Administration. _98548 |
| 650 | 1 | 0 |
_aDrug control _zUnited States _98549 |
| 942 |
_2ddc _cBOOK |
||
| 950 | _lAKMAL | ||